000 00830cab a2200277 4500
001 ABS58205
008 090401t1998 xxu||||| |||| 00| 0 eng d
035 _a(Sirsi) u83373
041 _aeng
245 _aEstates Gazette 100 1998: Trading performance of the top UK surveying firms
260 _c1998
350 _a0
490 _aEstates Gazette
_v(9804) 24 January 1998, 72-80(9)
520 _aA league table of leading firms of chartered surveyors looking at turnover, fees, and salaries.
650 _aCOMMERCIAL AGENTS
650 _aESTATES GAZETTE 100
650 _aFEES
650 _aLEAGUE TABLE
650 _aRANKING
650 _aSALARIES
650 _aSURVEYING FIRMS
650 _aTURNOVER
690 _aMANAGEMENT-BUSINESS MANAGEMENT-PROFESSIONAL PRACTICE
942 _n0
948 _c28/01/1998
999 _c52657
_d52657